Hisenda i inversió municipal al Vallès Occidental /
MARC
| LEADER | 00000nab a2200000 a 4500 | ||
|---|---|---|---|
| 001 | 8160 | ||
| 003 | Arxiu | ||
| 005 | 20260324195723.0 | ||
| 008 | 160829s9999 xx 000 0 cat d | ||
| 100 | |a Frigola, Ricard |9 34816 | ||
| 245 | |a Hisenda i inversió municipal al Vallès Occidental / |c Ricard Frigola | ||
| 260 | |a Barcelona : |b Diputació de Barcelona ; |c 1982-1983 | ||
| 300 | |a 10 pàgs. ; |b il. b/n ; taules ; |c 29 cm. | ||
| 490 | |a Arrel : revista editada per la Diputació de Barcelona ; |v Núm. 4 (octubre, 1982-març, 1983) ; pàgs. 50-59 |x 0211-562X | ||
| 650 | |a Finances públiques |x Vallès Occidental |9 42335 | ||
| 650 | |a Inversions públiques |x Vallès Occidental |9 42336 | ||
| 650 | |a Pressupostos municipals |x Vallès Occidental |9 42337 | ||
| 856 | 4 | |u https://media.diba.cat/diba/fitxers/arxiu/hemeroteca/arrel/8160/bib_8160_1981_1984_n04_a04_baixa.pdf |y Accés lliure | |
| 856 | 4 | |u https://media.diba.cat/diba/fitxers/arxiu/hemeroteca/arrel/8160/bib_8160_1981_1984_n04_a04_baixa.pdf |y bib_8160_1981_1984_n04_a04_baixa.pdf | |
| 901 | |a Arxiu | ||
| 942 | |n 1 |2 udc |c Articles de revista | ||
| 952 | |0 0 |1 0 |2 udc |4 0 |6 REV93 |7 1 |9 50790 |a Arxiu |b Arxiu |d 2016-12-01 |o Rev-93 |r 2016-12-01 00:00:00 |w 2016-12-01 |y ARXIU | ||
| 999 | |c 54632 |d 54632 | ||
| 900 | |a bib_8160_1981_1984_n04_a04_baixa.pdf | ||